000 00633nam a2200181 i 4500
001 42512
003 ES-MaACL
005 20251015063055.0
007 t|
008 030403q19001999sp ||||1| spa d
100 0 _aStaal de Launay, Marguerite Jeanne Cordier,
_cbaronne de
_9107832
245 1 3 _aLa Bastille sous la Régence /
_cmémoires de Mme de Staal de Launay ; publies avec une introduction par F. Funck-Brentano.
260 _aParis :
_bA. Fayard,
_c[19--]
300 _a170 p. :
_bil. ;
_c24 cm.
700 1 _aFunck-Brentano, Frantz (
_d1862-1947)
_953022
852 _aES-MaACL
_jC-1113
999 _c42512
_d42512